[Event "Women's Baku Chess Olympiad"]
[Site "chess24.com"]
[Date "2016.09.10"]
[Round "8"]
[White "Msukwa Tupokiwe"]
[Black "Joshi, Sindira"]
[Result "1-0"]
[Board "1"]
[WhiteID "20500459"]
[WhiteElo "1232"]
[WhiteCountry "MAW"]
[WhiteFideId "20500459"]
[WhiteEloChange "18"]
[BlackID "12312754"]
[BlackElo "1574"]
[BlackCountry "NEP"]
[BlackFideId "12312754"]
[BlackEloChange "-18"]

1. d4 {[%clk 1:30:57]} Nf6 {[%clk 1:30:54]} 2. c4 {[%clk 1:31:20]} e6 {[%clk
1:31:19]} 3. a3 {[%clk 1:31:36]} c5 {[%clk 1:28:23]} 4. e3 {[%clk 1:31:14]} cxd4
{[%clk 1:26:49]} 5. exd4 {[%clk 1:26:26]} d5 {[%clk 1:25:46]} 6. c5 {[%clk
1:25:55]} Nc6 {[%clk 1:25:17]} 7. Nf3 {[%clk 1:24:36]} Be7 {[%clk 1:25:20]} 8.
Be2 {[%clk 1:22:14]} O-O {[%clk 1:23:19]} 9. O-O {[%clk 1:22:27]} b6 {[%clk
1:16:45]} 10. Bb5 {[%clk 1:18:15]} Bb7 {[%clk 1:14:21]} 11. Bxc6 {[%clk 1:18:34]}
Bxc6 {[%clk 1:14:42]} 12. b4 {[%clk 1:18:55]} Nd7 {[%clk 1:06:24]} 13. Re1 {[%clk
1:17:39]} a5 {[%clk 1:04:42]} 14. Bb2 {[%clk 1:17:29]} axb4 {[%clk 1:04:17]} 15.
axb4 {[%clk 1:17:45]} bxc5 {[%clk 1:03:15]} 16. bxc5 {[%clk 1:17:24]} Re8 {[%clk
1:01:01]} 17. Nbd2 {[%clk 1:09:51]} Bf8 {[%clk 0:58:56]} 18. Nf1 {[%clk 1:04:51]}
e5 {[%clk 0:53:19]} 19. Qc2 {[%clk 1:03:46]} e4 {[%clk 0:48:55]} 20. N3d2 {[%clk
1:00:12]} f5 {[%clk 0:44:22]} 21. f4 {[%clk 0:51:02]} g5 {[%clk 0:39:13]} 22.
Rxa8 {[%clk 0:45:04]} Qxa8 {[%clk 0:36:30]} 23. fxg5 {[%clk 0:45:09]} Nb8 {[%clk
0:33:52]} 24. Ng3 {[%clk 0:42:35]} f4 {[%clk 0:33:26]} 25. Nh5 {[%clk 0:42:55]}
Be7 {[%clk 0:32:13]} 26. Nxf4 {[%clk 0:39:09]} Bxg5 {[%clk 0:32:23]} 27. Nh3
{[%clk 0:38:37]} Bf6 {[%clk 0:31:16]} 28. Qc3 {[%clk 0:36:32]} Na6 {[%clk
0:28:15]} 29. Qg3+ {[%clk 0:33:02]} Kh8 {[%clk 0:28:28]} 30. Rf1 {[%clk 0:28:55]}
Rg8 {[%clk 0:26:34]} 31. Qd6 {[%clk 0:27:37]} Bg7 {[%clk 0:25:36]} 32. Ng5 {[%clk
0:24:38]} h6 {[%clk 0:23:25]} 33. Nf7+ {[%clk 0:19:37]} Kh7 {[%clk 0:23:38]} 34.
Ne5 {[%clk 0:17:51]} Bxe5 {[%clk 0:23:24]} 35. Qxe5 {[%clk 0:18:07]} Qe8 {[%clk
0:23:14]} 36. Rf5 {[%clk 0:12:00]} Qxe5 {[%clk 0:23:29]} 37. Rxe5 {[%clk
0:12:28]} Rc8 {[%clk 0:19:03]} 38. Nf1 {[%clk 0:11:57]} Nb4 {[%clk 0:18:41]} 39.
Ne3 {[%clk 0:11:43]} Nd3 {[%clk 0:16:27]} 40. Re7+ {[%clk 0:40:19]} Kg8 {[%clk
0:44:51]} 41. Bc3 {[%clk 0:37:18]} Kf8 {[%clk 0:41:07]} 42. Rh7 {[%clk 0:36:37]}
Nf4 {[%clk 0:36:45]} 43. Rh8+ {[%clk 0:36:53]} Ke7 {[%clk 0:36:27]} 44. Rxc8
{[%clk 0:37:02]} Kd7 {[%clk 0:36:48]} 45. Rh8 {[%clk 0:37:20]} Ne2+ {[%clk
0:37:15]} 46. Kf2 {[%clk 0:37:48]} Nxc3 {[%clk 0:37:38]} 47. Rxh6 {[%clk
0:37:10]} Nb5 {[%clk 0:37:46]} 48. Nc2 {[%clk 0:36:24]} Nc7 {[%clk 0:36:31]} 49.
Rd6+ {[%clk 0:36:41]} Ke7 {[%clk 0:35:47]} 50. Rxc6 {[%clk 0:37:02]} Ne6 {[%clk
0:35:36]} 51. Rd6 {[%clk 0:36:42]} Nf4 {[%clk 0:33:33]} 52. Kg3 {[%clk 0:35:17]}
Ne2+ {[%clk 0:32:28]} 53. Kg4 {[%clk 0:34:27]} Nc3 {[%clk 0:31:30]} 54. Kf5
{[%clk 0:33:42]} Nd1 {[%clk 0:28:32]} 55. Rxd5 {[%clk 0:31:12]} e3 {[%clk
0:28:48]} 56. Re5+ {[%clk 0:31:14]} Kd7 {[%clk 0:28:45]} 57. Nxe3 {[%clk
0:30:09]} Nxe3+ {[%clk 0:28:37]} 58. Rxe3 {[%clk 0:30:35]} Kc6 {[%clk 0:29:01]}
1-0

[Event "Women's Baku Chess Olympiad"]
[Site "chess24.com"]
[Date "2016.09.10"]
[Round "8"]
[White "Adhikari, Ashmita"]
[Black "Nkhoma Desiderata"]
[Result "1/2-1/2"]
[Board "2"]
[WhiteID "12301329"]
[WhiteElo "1632"]
[WhiteCountry "NEP"]
[WhiteFideId "12301329"]
[WhiteEloChange "-6"]
[BlackID "20500327"]
[BlackElo "1375"]
[BlackCountry "MAW"]
[BlackFideId "20500327"]
[BlackEloChange "6"]

1. e4 {[%clk 1:30:55]} e5 {[%clk 1:30:12]} 2. Nf3 {[%clk 1:31:08]} Nc6 {[%clk
1:29:32]} 3. Bc4 {[%clk 1:31:02]} Bc5 {[%clk 1:29:19]} 4. Nc3 {[%clk 1:30:32]}
Nf6 {[%clk 1:28:57]} 5. d3 {[%clk 1:30:30]} h6 {[%clk 1:27:54]} 6. O-O {[%clk
1:30:25]} O-O {[%clk 1:27:29]} 7. h3 {[%clk 1:29:34]} a6 {[%clk 1:24:57]} 8. a4
{[%clk 1:27:23]} d6 {[%clk 1:21:51]} 9. Ne2 {[%clk 1:24:07]} Re8 {[%clk 1:06:43]}
10. c3 {[%clk 1:20:46]} Be6 {[%clk 1:04:19]} 11. Bxe6 {[%clk 1:19:40]} Rxe6
{[%clk 1:04:37]} 12. d4 {[%clk 1:18:48]} exd4 {[%clk 0:58:01]} 13. cxd4 {[%clk
1:18:50]} Nxd4 {[%clk 0:55:32]} 14. Nexd4 {[%clk 1:17:25]} Rxe4 {[%clk 0:55:48]}
15. Nb3 {[%clk 1:14:43]} Ba7 {[%clk 0:54:31]} 16. Re1 {[%clk 1:10:23]} Rxe1+
{[%clk 0:49:34]} 17. Qxe1 {[%clk 1:10:42]} Nh5 {[%clk 0:49:55]} 18. Be3 {[%clk
1:05:56]} Bxe3 {[%clk 0:49:00]} 19. Qxe3 {[%clk 1:06:16]} Qf6 {[%clk 0:49:21]}
20. Qd2 {[%clk 1:00:17]} Nf4 {[%clk 0:48:44]} 21. Kh2 {[%clk 0:51:55]} c5 {[%clk
0:41:43]} 22. Na5 {[%clk 0:49:47]} d5 {[%clk 0:37:19]} 23. Nb3 {[%clk 0:40:18]}
Rc8 {[%clk 0:33:24]} 24. Re1 {[%clk 0:38:27]} c4 {[%clk 0:30:54]} 25. Nbd4 {[%clk
0:38:06]} Nd3 {[%clk 0:26:49]} 26. Re3 {[%clk 0:31:47]} Rc7 {[%clk 0:22:28]} 27.
Kg1 {[%clk 0:26:48]} g5 {[%clk 0:20:24]} 28. b4 {[%clk 0:25:38]} h5 {[%clk
0:18:40]} 29. Ne2 {[%clk 0:24:34]} g4 {[%clk 0:13:53]} 30. Re8+ {[%clk 0:24:46]}
Kg7 {[%clk 0:11:57]} 31. Qg5+ {[%clk 0:23:33]} Qxg5 {[%clk 0:10:31]} 32. Nxg5
{[%clk 0:23:59]} Nxb4 {[%clk 0:09:20]} 33. hxg4 {[%clk 0:23:44]} hxg4 {[%clk
0:09:19]} 34. f4 {[%clk 0:22:04]} gxf3 {[%clk 0:09:15]} 35. Nxf3 {[%clk 0:22:21]}
c3 {[%clk 0:09:11]} 36. Nc1 {[%clk 0:22:07]} c2 {[%clk 0:07:16]} 37. Rd8 {[%clk
0:20:27]} Rc3 {[%clk 0:07:17]} 38. Ne1 {[%clk 0:18:48]} Ra3 {[%clk 0:05:22]} 39.
Nxc2 {[%clk 0:17:09]} Nxc2 {[%clk 0:05:26]} 40. Rxd5 {[%clk 0:44:52]} Rxa4 {[%clk
0:35:11]} 41. Nb3 {[%clk 0:44:11]} b5 {[%clk 0:26:42]} 42. Rd7 {[%clk 0:43:12]}
a5 {[%clk 0:22:35]} 43. Rd5 {[%clk 0:43:00]} Na3 {[%clk 0:21:33]} 44. Rd3 {[%clk
0:42:50]} Rc4 {[%clk 0:21:06]} 45. Nxa5 {[%clk 0:41:43]} Rc1+ {[%clk 0:21:25]}
46. Kh2 {[%clk 0:41:41]} b4 {[%clk 0:17:04]} 47. Nc6 {[%clk 0:37:54]} Nc2 {[%clk
0:16:07]} 48. Rb3 {[%clk 0:37:39]} Kg6 {[%clk 0:10:46]} 49. Nxb4 {[%clk 0:37:54]}
Nxb4 {[%clk 0:11:07]} 50. Rxb4 {[%clk 0:38:20]} Rc5 {[%clk 0:10:31]} 51. Rb6+
{[%clk 0:36:05]} Kg5 {[%clk 0:10:47]} 52. Kh3 {[%clk 0:35:35]} f6 {[%clk
0:09:35]} 53. Rb8 {[%clk 0:34:45]} Rc3+ {[%clk 0:09:22]} 54. g3 {[%clk 0:35:08]}
Kf5 {[%clk 0:09:12]} 55. Rg8 {[%clk 0:35:07]} Ke5 {[%clk 0:08:38]} 56. Kh4 {[%clk
0:35:04]} f5 {[%clk 0:08:24]} 57. Rg5 {[%clk 0:34:30]} Rc4+ {[%clk 0:08:12]} 58.
Kh5 {[%clk 0:32:23]} Kf6 {[%clk 0:06:26]} 59. Rg6+ {[%clk 0:32:28]} Ke5 {[%clk
0:06:46]} 60. Rg8 {[%clk 0:31:51]} Rc6 {[%clk 0:05:34]} 61. Rf8 {[%clk 0:30:40]}
Rf6 {[%clk 0:05:49]} 62. Re8+ {[%clk 0:29:51]} 1/2-1/2

[Event "Women's Baku Chess Olympiad"]
[Site "chess24.com"]
[Date "2016.09.10"]
[Round "8"]
[White "Mpinganjira, Ellen"]
[Black "Thapa, Shanta"]
[Result "1-0"]
[Board "3"]
[WhiteID "16400100"]
[WhiteElo "1373"]
[WhiteCountry "MAW"]
[WhiteFideId "16400100"]
[WhiteEloChange "17"]
[BlackID "12301450"]
[BlackElo "1693"]
[BlackCountry "NEP"]
[BlackFideId "12301450"]
[BlackEloChange "-17"]

1. e4 {[%clk 1:30:55]} e5 {[%clk 1:30:49]} 2. Nf3 {[%clk 1:31:18]} Nc6 {[%clk
1:31:00]} 3. Bc4 {[%clk 1:31:41]} Bc5 {[%clk 1:29:45]} 4. c3 {[%clk 1:31:21]} d6
{[%clk 1:27:51]} 5. O-O {[%clk 1:31:01]} h6 {[%clk 1:25:52]} 6. d3 {[%clk
1:27:21]} Nf6 {[%clk 1:23:24]} 7. Nbd2 {[%clk 1:27:13]} O-O {[%clk 1:21:18]} 8.
h3 {[%clk 1:18:58]} a6 {[%clk 1:17:17]} 9. Re1 {[%clk 1:17:20]} b5 {[%clk
1:13:36]} 10. Bb3 {[%clk 1:17:38]} Re8 {[%clk 1:10:56]} 11. Nf1 {[%clk 1:17:37]}
Be6 {[%clk 1:08:45]} 12. Ng3 {[%clk 1:15:12]} Qd7 {[%clk 1:03:39]} 13. d4 {[%clk
1:15:12]} Bxb3 {[%clk 1:00:59]} 14. axb3 {[%clk 1:03:40]} exd4 {[%clk 0:58:23]}
15. cxd4 {[%clk 0:58:16]} Bb6 {[%clk 0:54:53]} 16. d5 {[%clk 0:56:09]} Ne5 {[%clk
0:51:00]} 17. b4 {[%clk 0:51:01]} c6 {[%clk 0:44:27]} 18. Nxe5 {[%clk 0:48:08]}
dxe5 {[%clk 0:43:06]} 19. dxc6 {[%clk 0:46:28]} Qxc6 {[%clk 0:41:06]} 20. Qf3
{[%clk 0:44:46]} Re6 {[%clk 0:36:02]} 21. Be3 {[%clk 0:42:13]} Qc4 {[%clk
0:33:59]} 22. Bxb6 {[%clk 0:41:02]} Rxb6 {[%clk 0:34:12]} 23. Qc3 {[%clk
0:40:45]} Qxc3 {[%clk 0:28:55]} 24. bxc3 {[%clk 0:41:08]} Rc8 {[%clk 0:29:18]}
25. Re3 {[%clk 0:39:46]} Rbc6 {[%clk 0:28:32]} 26. Rc1 {[%clk 0:39:55]} R8c7
{[%clk 0:27:24]} 27. Nf5 {[%clk 0:39:16]} Nh5 {[%clk 0:24:44]} 28. Ng3 {[%clk
0:36:32]} Nxg3 {[%clk 0:23:45]} 29. Rxg3 {[%clk 0:36:54]} Ra7 {[%clk 0:23:24]}
30. Rd3 {[%clk 0:36:37]} f6 {[%clk 0:21:29]} 31. Ra1 {[%clk 0:33:54]} Rac7 {[%clk
0:20:47]} 32. Rc1 {[%clk 0:33:47]} Rc4 {[%clk 0:20:45]} 33. Rd6 {[%clk 0:29:28]}
Rxc3 {[%clk 0:20:07]} 34. Rxc3 {[%clk 0:29:35]} Rxc3 {[%clk 0:20:36]} 35. Rxa6
{[%clk 0:28:57]} Rb3 {[%clk 0:20:54]} 36. f3 {[%clk 0:27:26]} Rxb4 {[%clk
0:21:12]} 37. Kf2 {[%clk 0:27:34]} Rb2+ {[%clk 0:19:14]} 38. Kf1 {[%clk 0:27:34]}
b4 {[%clk 0:19:14]} 39. g4 {[%clk 0:26:51]} b3 {[%clk 0:19:28]} 40. Ke1 {[%clk
0:26:32]} Ra2 {[%clk 0:18:10]} 41. Rb6 {[%clk 0:55:58]} b2 {[%clk 0:46:09]} 42.
Kd1 {[%clk 0:56:05]} Ra3 {[%clk 0:45:25]} 43. Rxb2 {[%clk 0:54:22]} Rxf3 {[%clk
0:45:42]} 44. h4 {[%clk 0:48:48]} Rf4 {[%clk 0:45:25]} 45. Rg2 {[%clk 0:49:06]}
Rxe4 {[%clk 0:45:40]} 46. g5 {[%clk 0:47:43]} hxg5 {[%clk 0:45:18]} 47. hxg5
{[%clk 0:48:00]} f5 {[%clk 0:45:02]} 48. g6 {[%clk 0:47:57]} Kf8 {[%clk 0:42:39]}
49. Rf2 {[%clk 0:46:16]} f4 {[%clk 0:41:23]} 50. Kd2 {[%clk 0:45:54]} Ke7 {[%clk
0:40:32]} 51. Kd3 {[%clk 0:45:46]} Kf6 {[%clk 0:40:16]} 52. Kxe4 {[%clk 0:46:00]}
Ke6 {[%clk 0:40:14]} 53. Rg2 {[%clk 0:45:57]} Kf6 {[%clk 0:40:24]} 54. Rf2 {[%clk
0:45:24]} Ke6 {[%clk 0:40:32]} 55. Ra2 {[%clk 0:44:49]} Kf6 {[%clk 0:40:08]} 56.
Ra6+ {[%clk 0:45:10]} Kg5 {[%clk 0:40:28]} 57. Kxe5 {[%clk 0:45:27]} f3 {[%clk
0:40:40]} 58. Ra1 {[%clk 0:45:06]} Kxg6 {[%clk 0:38:34]} 59. Rf1 {[%clk 0:44:57]}
Kh5 {[%clk 0:38:44]} 60. Rxf3 {[%clk 0:45:19]} g5 {[%clk 0:39:05]} 61. Kf5 {[%clk
0:44:39]} g4 {[%clk 0:39:04]} 62. Rf1 {[%clk 0:45:01]} g3 {[%clk 0:39:04]} 63.
Rh1# {[%clk 0:45:01]} 1-0

[Event "Women's Baku Chess Olympiad"]
[Site "chess24.com"]
[Date "2016.09.10"]
[Round "8"]
[White "Lohani, Sujana"]
[Black "Jambo, Linda"]
[Result "0-1"]
[Board "4"]
[WhiteID "12311987"]
[WhiteElo "1488"]
[WhiteCountry "NEP"]
[WhiteFideId "12311987"]
[WhiteEloChange "-8"]
[BlackID "16400054"]
[BlackElo "1561"]
[BlackTitle "WFM"]
[BlackCountry "MAW"]
[BlackFideId "16400054"]
[BlackEloChange "8"]

1. d4 {[%clk 1:30:58]} Nf6 {[%clk 1:30:53]} 2. Nf3 {[%clk 1:31:19]} e6 {[%clk
1:31:09]} 3. c4 {[%clk 1:31:41]} d5 {[%clk 1:31:17]} 4. g3 {[%clk 1:32:01]} Be7
{[%clk 1:31:24]} 5. Bg2 {[%clk 1:32:14]} O-O {[%clk 1:31:31]} 6. O-O {[%clk
1:32:38]} b6 {[%clk 1:31:29]} 7. Qc2 {[%clk 1:29:58]} Bb7 {[%clk 1:31:12]} 8. Rd1
{[%clk 1:26:28]} Nbd7 {[%clk 1:30:40]} 9. Nbd2 {[%clk 1:22:04]} Rc8 {[%clk
1:28:21]} 10. Nb3 {[%clk 1:10:38]} c5 {[%clk 1:10:10]} 11. dxc5 {[%clk 1:09:26]}
Nxc5 {[%clk 1:09:19]} 12. Nxc5 {[%clk 1:02:00]} Bxc5 {[%clk 1:09:39]} 13. Qa4
{[%clk 0:47:57]} a5 {[%clk 0:55:38]} 14. cxd5 {[%clk 0:47:58]} Bxd5 {[%clk
0:53:52]} 15. Qh4 {[%clk 0:47:04]} Ne4 {[%clk 0:40:59]} 16. e3 {[%clk 0:42:16]}
Qxh4 {[%clk 0:37:42]} 17. Nxh4 {[%clk 0:42:39]} Nf6 {[%clk 0:37:54]} 18. Bxd5
{[%clk 0:42:28]} Nxd5 {[%clk 0:38:21]} 19. Nf3 {[%clk 0:41:22]} Rfd8 {[%clk
0:30:43]} 20. b3 {[%clk 0:39:22]} f6 {[%clk 0:18:58]} 21. Bb2 {[%clk 0:37:40]}
Bb4 {[%clk 0:18:08]} 22. Rac1 {[%clk 0:35:36]} Kf7 {[%clk 0:13:02]} 23. Nd4
{[%clk 0:32:07]} Rxc1 {[%clk 0:11:10]} 24. Rxc1 {[%clk 0:32:27]} Rd7 {[%clk
0:07:34]} 25. Rc6 {[%clk 0:27:39]} e5 {[%clk 0:07:29]} 26. Nb5 {[%clk 0:25:55]}
Bc5 {[%clk 0:07:06]} 27. Ba3 {[%clk 0:25:12]} Ne7 {[%clk 0:07:06]} 28. Rxc5
{[%clk 0:17:58]} bxc5 {[%clk 0:05:11]} 29. Nc3 {[%clk 0:17:46]} Rd2 {[%clk
0:04:21]} 30. Bxc5 {[%clk 0:14:12]} Rc2 {[%clk 0:03:58]} 31. Na4 {[%clk 0:14:16]}
Rxa2 {[%clk 0:03:50]} 32. Bb6 {[%clk 0:12:38]} Nc6 {[%clk 0:04:00]} 33. Nc5
{[%clk 0:12:12]} Ra3 {[%clk 0:03:44]} 34. Kg2 {[%clk 0:12:14]} Nb4 {[%clk
0:02:50]} 35. Kf3 {[%clk 0:12:28]} f5 {[%clk 0:02:08]} 36. Bc7 {[%clk 0:12:26]}
e4+ {[%clk 0:02:26]} 37. Kf4 {[%clk 0:12:49]} Nd5+ {[%clk 0:02:39]} 38. Kxf5
{[%clk 0:12:43]} Nxc7 {[%clk 0:03:07]} 39. Kxe4 {[%clk 0:13:02]} Ne6 {[%clk
0:02:41]} 40. Nb7 {[%clk 0:42:44]} Rxb3 {[%clk 0:31:52]} 41. Nxa5 {[%clk
0:42:57]} Rb4+ {[%clk 0:32:07]} 42. Kf3 {[%clk 0:43:02]} Ng5+ {[%clk 0:32:01]}
43. Kg2 {[%clk 0:43:10]} Rb2 {[%clk 0:27:52]} 44. Nc4 {[%clk 0:41:16]} Ra2 {[%clk
0:28:05]} 45. Ne5+ {[%clk 0:40:09]} Ke6 {[%clk 0:27:32]} 46. Nd3 {[%clk 0:40:02]}
Kf5 {[%clk 0:24:59]} 47. h3 {[%clk 0:40:09]} h5 {[%clk 0:25:11]} 48. h4 {[%clk
0:38:28]} Ne4 {[%clk 0:23:04]} 49. Kg1 {[%clk 0:38:30]} Rd2 {[%clk 0:20:02]} 50.
Nf4 {[%clk 0:38:52]} g6 {[%clk 0:19:01]} 51. Nh3 {[%clk 0:38:19]} Kg4 {[%clk
0:16:41]} 52. Kg2 {[%clk 0:37:53]} Ra2 {[%clk 0:16:46]} 53. Nf4 {[%clk 0:37:20]}
Rxf2+ {[%clk 0:16:44]} 54. Kg1 {[%clk 0:37:18]} Kf5 {[%clk 0:14:32]} 55. Nd5
{[%clk 0:34:05]} Ra2 {[%clk 0:14:12]} 56. Ne7+ {[%clk 0:34:19]} Kg4 {[%clk
0:14:01]} 57. Nxg6 {[%clk 0:34:21]} Kxg3 {[%clk 0:14:22]} 58. Kf1 {[%clk
0:34:12]} Nd2+ {[%clk 0:13:37]} 59. Ke2 {[%clk 0:33:13]} Ne4+ {[%clk 0:13:30]}
60. Kd3 {[%clk 0:33:28]} Nf6 {[%clk 0:12:47]} 61. Kd4 {[%clk 0:32:59]} Ra4+
{[%clk 0:12:45]} 62. Ke5 {[%clk 0:33:15]} Nh7 {[%clk 0:12:15]} 63. Kf5 {[%clk
0:32:38]} Kf3 {[%clk 0:12:19]} 64. Nf4 {[%clk 0:30:37]} Kxe3 {[%clk 0:12:35]} 65.
Nxh5 {[%clk 0:30:42]} Rxh4 {[%clk 0:12:59]} 66. Ng7 {[%clk 0:29:56]} Nf8 {[%clk
0:12:35]} 67. Kf6 {[%clk 0:30:03]} Rf4+ {[%clk 0:12:56]} 68. Ke5 {[%clk 0:27:33]}
Ng6+ {[%clk 0:13:08]} 69. Kd6 {[%clk 0:26:56]} Rf6+ {[%clk 0:13:07]} 70. Kc5
{[%clk 0:25:55]} Ne7 {[%clk 0:12:40]} 71. Ne8 {[%clk 0:24:22]} Rc6+ {[%clk
0:12:38]} 72. Kb5 {[%clk 0:23:42]} Kd4 {[%clk 0:12:13]} 73. Ng7 {[%clk 0:23:42]}
Rg6 {[%clk 0:11:22]} 74. Ne8 {[%clk 0:23:27]} Rc6 {[%clk 0:11:18]} 75. Ng7 {[%clk
0:23:12]} Kd5 {[%clk 0:11:17]} 76. Kb4 {[%clk 0:21:22]} Kd4 {[%clk 0:11:11]} 77.
Kb5 {[%clk 0:21:38]} Kc3 {[%clk 0:11:06]} 78. Ne8 {[%clk 0:20:23]} Rg6 {[%clk
0:09:53]} 79. Nc7 {[%clk 0:20:19]} Kd4 {[%clk 0:09:50]} 80. Ne8 {[%clk 0:20:22]}
Nc8 {[%clk 0:09:59]} 81. Nc7 {[%clk 0:18:34]} Nd6+ {[%clk 0:09:45]} 82. Kb4
{[%clk 0:18:40]} Nb7 {[%clk 0:09:35]} 83. Nb5+ {[%clk 0:17:19]} Kd3 {[%clk
0:09:50]} 84. Nc7 {[%clk 0:17:19]} Rb6+ {[%clk 0:10:05]} 85. Ka3 {[%clk 0:16:45]}
Nc5 {[%clk 0:09:45]} 86. Ka2 {[%clk 0:15:58]} Kc2 {[%clk 0:09:43]} 87. Ka3 {[%clk
0:15:46]} Kb1 {[%clk 0:09:44]} 88. Nd5 {[%clk 0:15:25]} Rb3# {[%clk 0:09:44]} 0-1

[Event "Women's Baku Chess Olympiad"]
[Site "chess24.com"]
[Date "2016.09.10"]
[Round "8"]
[White "Begum, Ghazala"]
[Black "Vilhete, Vania Fausto Da T."]
[Result "0-1"]
[Board "1"]
[WhiteID "7800711"]
[WhiteElo "1668"]
[WhiteTitle "WCM"]
[WhiteCountry "PAK"]
[WhiteFideId "7800711"]
[WhiteEloChange "-8"]
[BlackID "14800144"]
[BlackElo "1741"]
[BlackTitle "WIM"]
[BlackCountry "MOZ"]
[BlackFideId "14800144"]
[BlackEloChange "8"]

1. c4 {[%clk 1:30:54]} c5 {[%clk 1:30:31]} 2. Nc3 {[%clk 1:31:13]} Nf6 {[%clk
1:30:28]} 3. Nf3 {[%clk 1:31:25]} Nc6 {[%clk 1:30:16]} 4. g3 {[%clk 1:31:37]} e6
{[%clk 1:30:33]} 5. Bg2 {[%clk 1:31:48]} d5 {[%clk 1:30:46]} 6. cxd5 {[%clk
1:31:11]} exd5 {[%clk 1:27:54]} 7. d4 {[%clk 1:30:29]} b6 {[%clk 1:20:06]} 8. Bg5
{[%clk 1:30:03]} Be7 {[%clk 1:20:18]} 9. Ne5 {[%clk 1:29:41]} Bb7 {[%clk
1:10:01]} 10. Nxc6 {[%clk 1:23:56]} Bxc6 {[%clk 1:10:21]} 11. O-O {[%clk
1:23:56]} Ne4 {[%clk 1:04:27]} 12. Bxe7 {[%clk 1:21:45]} Qxe7 {[%clk 0:53:01]}
13. dxc5 {[%clk 1:20:28]} Nxc3 {[%clk 0:53:16]} 14. bxc3 {[%clk 1:20:53]} Qxc5
{[%clk 0:53:31]} 15. Qd2 {[%clk 1:20:24]} O-O {[%clk 0:53:52]} 16. Rfd1 {[%clk
1:19:19]} Rac8 {[%clk 0:45:21]} 17. Rdc1 {[%clk 1:18:40]} Rfd8 {[%clk 0:45:02]}
18. Qd4 {[%clk 1:19:06]} Bb5 {[%clk 0:40:14]} 19. e3 {[%clk 1:18:52]} Qd6 {[%clk
0:37:58]} 20. a4 {[%clk 1:15:55]} Rc4 {[%clk 0:37:33]} 21. Qxd5 {[%clk 1:15:44]}
Qxd5 {[%clk 0:37:25]} 22. Bxd5 {[%clk 1:16:12]} Rxa4 {[%clk 0:37:36]} 23. Rxa4
{[%clk 1:16:05]} Bxa4 {[%clk 0:37:49]} 24. c4 {[%clk 1:16:30]} a5 {[%clk
0:28:39]} 25. e4 {[%clk 1:16:29]} Kf8 {[%clk 0:28:34]} 26. Rb1 {[%clk 1:16:52]}
Rb8 {[%clk 0:27:43]} 27. c5 {[%clk 1:17:15]} b5 {[%clk 0:27:31]} 28. c6 {[%clk
1:17:24]} Rc8 {[%clk 0:26:51]} 29. Rc1 {[%clk 1:17:46]} Ke7 {[%clk 0:27:15]} 30.
c7 {[%clk 1:17:42]} Kd6 {[%clk 0:26:09]} 31. Rc6+ {[%clk 1:17:56]} Kd7 {[%clk
0:26:32]} 32. Ra6 {[%clk 1:17:27]} Rxc7 {[%clk 0:25:25]} 33. Rxa5 {[%clk
1:17:53]} Rc1+ {[%clk 0:25:19]} 34. Kg2 {[%clk 1:18:21]} f6 {[%clk 0:25:14]} 35.
Ra7+ {[%clk 1:18:47]} Rc7 {[%clk 0:25:36]} 36. Be6+ {[%clk 1:17:31]} Kd6 {[%clk
0:25:36]} 37. Ra6+ {[%clk 1:17:55]} Rc6 {[%clk 0:25:53]} 38. Rxc6+ {[%clk
1:17:55]} Kxc6 {[%clk 0:26:16]} 39. f4 {[%clk 1:17:03]} b4 {[%clk 0:26:15]} 40.
Kf2 {[%clk 1:47:28]} b3 {[%clk 0:56:03]} 41. Ke3 {[%clk 1:47:50]} Kc5 {[%clk
0:54:19]} 42. Kd2 {[%clk 1:48:16]} Kb4 {[%clk 0:54:34]} 43. Kc1 {[%clk 1:46:47]}
Kc3 {[%clk 0:53:37]} 44. Bxb3 {[%clk 1:45:53]} Bxb3 {[%clk 0:53:39]} 45. e5
{[%clk 1:46:14]} fxe5 {[%clk 0:53:33]} 46. fxe5 {[%clk 1:46:42]} Kd4 {[%clk
0:53:41]} 47. Kd2 {[%clk 1:47:06]} Kxe5 {[%clk 0:53:46]} 48. Ke3 {[%clk 1:47:33]}
Bd5 {[%clk 0:54:02]} 49. g4 {[%clk 1:47:34]} g5 {[%clk 0:53:34]} 50. Kf2 {[%clk
1:47:57]} Kf4 {[%clk 0:53:55]} 51. h3 {[%clk 1:48:25]} Bb7 {[%clk 0:53:54]} 52.
Kg1 {[%clk 1:48:09]} Kg3 {[%clk 0:54:17]} 53. Kf1 {[%clk 1:48:37]} Kxh3 {[%clk
0:54:35]} 54. Kf2 {[%clk 1:49:05]} Kxg4 {[%clk 0:54:33]} 55. Kg1 {[%clk 1:49:32]}
Kh3 {[%clk 0:54:46]} 56. Kf2 {[%clk 1:49:58]} Kh2 {[%clk 0:54:57]} 57. Kf1 {[%clk
1:50:25]} g4 {[%clk 0:55:17]} 58. Kf2 {[%clk 1:50:53]} g3+ {[%clk 0:55:36]} 59.
Ke3 {[%clk 1:49:38]} g2 {[%clk 0:55:55]} 60. Kf4 {[%clk 1:49:45]} g1Q {[%clk
0:55:55]} 61. Ke5 {[%clk 1:49:50]} Qe3+ {[%clk 0:55:16]} 62. Kd6 {[%clk 1:49:50]}
Bg2 {[%clk 0:55:01]} 63. Kc7 {[%clk 1:50:05]} Qe6 {[%clk 0:55:06]} 64. Kb8 {[%clk
1:50:24]} Qe7 {[%clk 0:55:06]} 65. Kc8 {[%clk 1:50:51]} Kg3 {[%clk 0:55:14]} 66.
Kb8 {[%clk 1:51:09]} Qb7# {[%clk 0:55:14]} 0-1

[Event "Women's Baku Chess Olympiad"]
[Site "chess24.com"]
[Date "2016.09.10"]
[Round "8"]
[White "Szekely, Olga"]
[Black "Soondarsingh, Aditi"]
[Result "1-0"]
[Board "1"]
[WhiteID "31000410"]
[WhiteElo "1754"]
[WhiteCountry "GUM"]
[WhiteFideId "31000410"]
[WhiteEloChange "9"]
[BlackID "7700598"]
[BlackElo "1736"]
[BlackTitle "WCM"]
[BlackCountry "TTO"]
[BlackFideId "7700598"]
[BlackEloChange "-9"]

1. e4 {[%clk 1:30:52]} d6 {[%clk 1:30:52]} 2. d4 {[%clk 1:31:13]} Nf6 {[%clk
1:31:16]} 3. Nc3 {[%clk 1:31:36]} e5 {[%clk 1:31:41]} 4. d5 {[%clk 1:28:56]} Nbd7
{[%clk 1:30:07]} 5. Be3 {[%clk 1:24:04]} Be7 {[%clk 1:29:07]} 6. f3 {[%clk
1:23:32]} a6 {[%clk 1:28:05]} 7. Qd2 {[%clk 1:22:40]} b5 {[%clk 1:28:05]} 8.
O-O-O {[%clk 1:22:14]} Bb7 {[%clk 1:22:12]} 9. Kb1 {[%clk 1:21:43]} c5 {[%clk
1:20:38]} 10. g4 {[%clk 1:18:39]} b4 {[%clk 1:18:07]} 11. Nce2 {[%clk 1:18:05]}
Nb6 {[%clk 1:17:51]} 12. Nc1 {[%clk 1:18:15]} a5 {[%clk 1:15:51]} 13. g5 {[%clk
1:17:06]} Nfd7 {[%clk 1:16:03]} 14. Nh3 {[%clk 1:11:59]} Rc8 {[%clk 1:15:02]} 15.
g6 {[%clk 1:03:51]} hxg6 {[%clk 1:14:20]} 16. Bg5 {[%clk 1:00:26]} f6 {[%clk
1:11:45]} 17. Be3 {[%clk 0:59:00]} c4 {[%clk 1:08:47]} 18. Qg2 {[%clk 0:59:08]}
g5 {[%clk 1:08:20]} 19. Nf2 {[%clk 0:55:34]} a4 {[%clk 1:07:25]} 20. h4 {[%clk
0:53:12]} c3 {[%clk 0:55:54]} 21. bxc3 {[%clk 0:43:02]} bxc3 {[%clk 0:55:36]} 22.
hxg5 {[%clk 0:41:36]} Rxh1 {[%clk 0:45:40]} 23. Qxh1 {[%clk 0:41:55]} Nc4 {[%clk
0:32:36]} 24. Bxc4 {[%clk 0:41:01]} Rxc4 {[%clk 0:28:33]} 25. Qh5+ {[%clk
0:37:55]} Kf8 {[%clk 0:29:02]} 26. Qh8+ {[%clk 0:35:14]} Kf7 {[%clk 0:25:03]} 27.
g6+ {[%clk 0:34:42]} Kxg6 {[%clk 0:25:12]} 28. Rg1+ {[%clk 0:34:56]} 1-0